F1 2022 Driver Numbers Whammie - Statistics

General Stats
  • This quiz has been taken 30 times
  • The average score is 16 of 20
Answer Stats
Team Driver Number % Correct
Red Bull Max Verstappen 1
95%
Red Bull Sergio Pérez 11
95%
Ferrari Charles Leclerc 16
91%
McLaren Lando Norris 4
86%
Aston Martin Lance Stroll 18
82%
McLaren Daniel Ricciardo 3
82%
Mercedes Lewis Hamilton 44
82%
Ferrari Carlos Sainz 55
82%
Mercedes George Russell 63
82%
Alfa Romeo Valtteri Bottas 77
82%
Alpine Fernando Alonso 14
77%
Alfa Romeo Zhou Guanyu 24
77%
Aston Martin Nico Hülkenberg 27
77%
Alpine Esteban Ocon 31
77%
Alpha Tauri Yuki Tsunoda 22
73%
Williams Alexander Albon 23
73%
Alpha Tauri Pierre Gasly 10
68%
Haas Kevin Magnussen 20
68%
Haas Mick Schumacher 47
55%
Williams Nicholas Latifi 6
55%
No matching quizzes found
Score Distribution
Percent of People with Each Score
Percentile by Number Answered
Your Score History
You have not taken this quiz